Arbre Généalogique Evans (Harry Potter) - Statistiques

Statistiques générales
  • Ce quiz a été pris 701 fois
  • Le résultat moyen est 14 sur 15
Statistiques - réponses
Réponse % Correct
Lily
99%
Harry
97%
James
97%
Albus
93%
Evans
91%
Ginerva
91%
Petunia
91%
Dudley
89%
Potter
89%
Vernon
88%
Severus
87%
Sirius
86%
Weasley
85%
Dursley
84%
Luna
84%
Aucun quiz correspondant
Distribution des résultats
% des personnes avec chaque résultat
Percentile par nombre de réponses
Votre historique - résultats
Vous n’avez pas pris ce quiz